Normal view
MARC view
- خميس ، اسامة محمد عطية
Entry Personal Name
001 - CONTROL NUMBER
- control field: 44816
003 - CONTROL NUMBER IDENTIFIER
- control field: JO-AjAnu
005 - DATE AND TIME OF LATEST TRANSACTION
- control field: 20230606081422.0
008 - FIXED-LENGTH DATA ELEMENTS
- fixed length control field: 230606|| aca||aabn | a|a d
040 ## - CATALOGING SOURCE
- Original cataloging agency: JO-AjAnu
- Transcribing agency: JO-AjAnu
100 ## - HEADING--PERSONAL NAME
- Personal name: خميس ، اسامة محمد عطية
670 ## - SOURCE DATA FOUND
- Source citation: Work cat.: (JO-AjAnu)22948: خميس ، اسامة محمد عطية , author, الكيانات الرقمية (المحتوى الرقمي) في المستودعات الرقمية على شبكة الانترنت ج1 المفهوم....البرمجيات...البناء...الايداع الرقمي